Gaming Quiz

Random Gaming Quiz

Ark Item Quality Quiz Stats

Quiz not verified by Sporcle

Challenge
Share
Tweet
Embed
Score 0/6 Timer 02:00
0 Plays Today
Quality % Correct
Primitive
89.4%
Mastercraft
83%
Ramshackle
78.7%
Journeyman
74.5%
Ascendant
72.3%
Apprentice
63.8%

You're not logged in!

Compare scores with friends on all Sporcle quizzes.
Join for Free
OR
Log In

You Might Also Like...

Show Comments

Extras

Created May 12, 2017ReportNominate
Tags:item, quality

Top Quizzes Today


Score Distribution

Your Account Isn't Verified!

In order to create a playlist on Sporcle, you need to verify the email address you used during registration. Go to your Sporcle Settings to finish the process.

Report this User

Report this user for behavior that violates our Community Guidelines.

Details: